[Event "AUTO-ADV-1029"]
[Site "http://www.queenalice.com/game.php?id=459466"]
[Date "2008.9.6"]
[Round "1"]
[White "emiliano"]
[Black "zemaria"]
[Result "0-1"]
[WhiteElo "1689"]
[BlackElo "1797"]

1. e4 e5 2. Nf3 d6 3. d4 exd4 4. Qxd4 Nc6 5. Bb5 Bd7 6. Bxc6 Bxc6 7. Nc3 h6 8.
e5 Qe7 9. O-O Bxf3 10. exd6 Qd7 11. gxf3 Nf6 12. Bf4 Bxd6 13. Bg3 O-O 14. Rad1
Rfd8 15. Nb5 Qxb5 16. Qc3 Nd5 17. Qd3 Qc6 18. a3 Rd7 19. c4 Nf6 20. Bxd6 Rxd6
21. Qf5 Rad8 22. Rxd6 Rxd6 23. Qc8+ Kh7 24. Qf5+ g6 25. Qc2 Nh5 26. Qe2 Qc5 27.
b4 Qg5+ 28. Kh1 Nf4 29. Qe8 Qg2# 0-1

[Event "AUTO-ADV-1029"]
[Site "http://www.queenalice.com/game.php?id=459479"]
[Date "2008.9.6"]
[Round "1"]
[White "emiliano"]
[Black "Groomi"]
[Result "1-0"]
[WhiteElo "1651"]
[BlackElo "1683"]

1. e4 e6 2. d4 d5 3. Nc3 Bb4 4. e5 Bd7 5. Nf3 Ne7 6. Bd3 c5 7. a3 cxd4 8. Nxd4
Bxc3+ 9. bxc3 O-O 10. O-O Qc7 11. Nf3 Qxc3 12. Bd2 Rc8 13. Bxc3 Rxc3 14. Qb1 b6
15. Qb4 Rc5 16. Nd4 Nbc6 17. Nxc6 Nxc6 18. Qb2 g6 19. Bb5 Rc8 20. Bxc6 R8xc6 21.
Rac1 Bc8 22. c3 Ba6 23. Rfd1 Rc4 24. Rd4 h5 25. Rxc4 Bxc4 26. Qb4 Bd3 27. Qe7 a5
28. Qe8+ Kg7 29. Qxc6 b5 30. f4 d4 31. cxd4 b4 32. axb4 axb4 33. Qb6 h4 34. Qxb4
Bf5 35. Qe7 h3 36. Qf6+ Kf8 37. Rc8# 1-0

[Event "AUTO-ADV-1029"]
[Site "http://www.queenalice.com/game.php?id=459480"]
[Date "2008.9.6"]
[Round "1"]
[White "Groomi"]
[Black "emiliano"]
[Result "0-1"]
[WhiteElo "1599"]
[BlackElo "1685"]

1. d4 d5 2. e3 e6 3. Nc3 Nf6 4. Nf3 c5 5. Ne5 cxd4 6. Qxd4 Nc6 7. Bb5 Bd7 8.
Bxc6 bxc6 9. O-O Be7 10. e4 O-O 11. Bg5 h6 12. Bxf6 Bxf6 13. Ne2 Bxe5 14. Qxe5
f6 15. Qd4 Qb6 16. exd5 Qxd4 17. Nxd4 cxd5 18. Rfe1 e5 19. Nb3 Rfc8 20. c3 a5
21. Rad1 Be6 22. Nc1 Rd8 23. b3 a4 24. b4 Rdc8 25. Re3 Rc4 26. a3 Rac8 27. Ne2
Bf5 28. Rxd5 Kf7 29. b5 R4c5 30. Rxc5 Rxc5 31. b6 Rb5 32. c4 Rxb6 33. Rc3 Rc6
34. c5 Ke6 35. Ng3 g6 36. h3 Kd5 37. Ne2 Rxc5 38. g4 Be6 39. Rd3+ Kc6 40. f4 Rc2
41. Re3 Kd6 42. Rd3+ Kc5 43. Nc3 Bb3 44. Ne4+ Kc4 45. Rd6 Ra2 46. Nxf6 exf4 47.
Ne4 Rxa3 48. Rxg6 Bc2 49. Nd6+ Kb4 50. Rxh6 Rd3 51. Rf6 f3 52. g5 a3 53. Rf4+
Kb3 54. g6 a2 55. Rg4 a1=Q+ 56. Kf2 Rxd6 57. g7 Rd2+ 58. Kxf3 Qf1+ 59. Kg3 Qf2#
0-1

[Event "AUTO-ADV-1029"]
[Site "http://www.queenalice.com/game.php?id=459481"]
[Date "2008.9.6"]
[Round "1"]
[White "emiliano"]
[Black "rogervolei"]
[Result "1-0"]
[WhiteElo "1731"]
[BlackElo "1832"]

1. e4 a6 2. d4 e6 3. Nf3 b6 4. c4 h6 5. Nc3 Bb7 6. Bd3 Qe7 7. O-O g5 8. d5 Bg7
9. Be3 Bxc3 10. bxc3 Nf6 11. a4 a5 12. Qb3 Ba6 13. Rfd1 d6 14. e5 Ng4 15. exd6
Qxd6 16. dxe6 Qxe6 17. Bd4 O-O 18. Re1 Qd7 19. h3 Nxf2 20. Kxf2 Nc6 21. Be4 Nxd4
22. cxd4 Rae8 23. Rad1 Re7 24. Bc6 Qxc6 25. Rxe7 Bxc4 26. Qc3 Rc8 27. Rc1 Qf6
28. Rce1 Bd5 29. Rxc7 Rxc7 30. Qxc7 Bxf3 31. gxf3 Qxd4+ 32. Re3 Qxa4 33. Qxb6 h5
34. Qb3 Qf4 35. Re8+ Kg7 36. Qc3+ Qf6 37. Qxf6+ Kxf6 38. Ra8 g4 39. fxg4 hxg4
40. hxg4 a4 41. Rxa4 Ke5 42. Kf3 f6 43. Ra5+ Ke6 44. Kf4 Kf7 45. Kf5 Kg7 46. Ra6
Kf7 47. Rxf6+ Ke7 48. g5 Kd7 49. Rf7+ Kd6 50. g6 Kd5 51. g7 Kd4 52. g8=Q Kd3 53.
Re7 1-0

[Event "AUTO-ADV-1029"]
[Site "http://www.queenalice.com/game.php?id=459482"]
[Date "2008.9.6"]
[Round "1"]
[White "rogervolei"]
[Black "emiliano"]
[Result "0-1"]
[WhiteElo "1810"]
[BlackElo "1827"]

1. e3 e5 2. a3 d5 3. Qh5 Nc6 4. Bb5 Bd7 5. Bxc6 Bxc6 6. Qxe5+ Qe7 7. Qxe7+ Bxe7
8. b4 Nf6 9. h3 O-O 10. a4 d4 11. b5 Bxg2 12. Rh2 Bd5 13. exd4 Bd6 14. f4 Bxf4
15. Re2 Rae8 16. Ba3 Rxe2+ 17. Nxe2 Re8 18. Nc3 Bf3 19. Kf2 Bxe2 20. Nxe2 Bxd2
21. Kf1 h6 22. Rd1 Ba5 23. Rd3 Nd5 24. Rf3 Nb6 25. Bc5 Nxa4 26. Bxa7 b6 27. Ra3
Nb2 28. Nf4 Nc4 29. Rd3 Ra8 30. Bxb6 cxb6 31. Rc3 Nd6 32. Rc6 Nxb5 33. d5 Rd8
34. c4 Nd4 35. Rc7 Nf5 36. Kf2 Kf8 37. Kf3 Nd6 38. c5 bxc5 39. Rxc5 Bd2 40. Nd3
f6 41. Ke2 Ne4 42. Rc2 Ba5 43. Nf4 Kf7 44. Ke3 Ng5 45. h4 Nh7 46. Ke4 Nf8 47. h5
Rd7 48. Kf5 Rd6 49. Rc5 Bd2 50. Ng6 Nxg6 51. hxg6+ Ke7 52. Rc7+ Rd7 53. Rc5 Kd6
54. Rc6+ Kxd5 55. Rxf6 gxf6 56. Kxf6 Bg5+ 57. Kf5 Kd6 58. g7 Rxg7 59. Kg4 Ke6
60. Kf3 Kf5 61. Ke2 h5 62. Kd3 Re7 63. Kd4 h4 64. Kd3 h3 65. Kd4 h2 66. Kd3 h1=Q
67. Kc4 Qc1+ 68. Kd3 Qd1+ 69. Kc4 Rc7+ 70. Kb5 Qb3+ 71. Ka6 Be3 72. Ka5 Ra7# 0-1

[Event "Revanche"]
[Site "http://www.queenalice.com/game.php?id=461813"]
[Date "2008.9.11"]
[Round "-"]
[White "emiliano"]
[Black "Luke1416"]
[Result "1-0"]
[WhiteElo "1706"]
[BlackElo "1632"]

1. e4 e5 2. Nf3 d6 3. d4 Bg4 4. dxe5 Bxf3 5. Qxf3 dxe5 6. Bc4 Nf6 7. Bg5 Be7 8.
O-O Nbd7 9. Nc3 c6 10. Rad1 b5 11. Bb3 h6 12. Bxf6 Bxf6 13. a3 a6 14. Rd2 O-O
15. Rfd1 Ra7 16. Ne2 Qe7 17. Ng3 b4 18. axb4 Qxb4 19. Rxd7 Rxd7 20. Rxd7 Bh4 21.
Rd1 Bxg3 22. hxg3 a5 23. Qc3 Qxc3 24. bxc3 h5 25. Rd7 Kh7 26. Rc7 f5 27. exf5
Rxf5 28. Rxc6 e4 29. Re6 Rc5 30. Rxe4 Rxc3 31. Re5 g6 32. Rxa5 Kh6 33. Ra4 g5
34. Rc4 Rxc4 35. Bxc4 h4 36. gxh4 gxh4 37. Bd5 Kg5 38. c4 Kf5 39. Kh2 Kg4 40. c5
Kf4 41. c6 Ke5 42. Bf3 Kd6 43. Kh3 Kc7 44. Kxh4 Kd6 45. g4 Kc7 46. g5 Kd6 47. g6
Ke7 48. Be4 Ke8 49. Kh5 Kf8 50. c7 Ke8 51. c8=Q+ 1-0

[Event "Challenge"]
[Site "http://www.queenalice.com/game.php?id=462767"]
[Date "2008.9.13"]
[Round "-"]
[White "pierjean"]
[Black "emiliano"]
[Result "0-1"]
[WhiteElo "1430"]
[BlackElo "1663"]

1. e4 e5 2. Nf3 Nc6 3. d4 exd4 4. Bc4 Bb4+ 5. Bd2 Bxd2+ 6. Qxd2 Qf6 7. c3 dxc3
8. Nxc3 Nge7 9. O-O O-O 10. Rfe1 d6 11. Re3 Ng6 12. Re2 Bg4 13. Re3 Rfe8 14. Rd3
Re7 15. Nd5 Qe6 16. Ng5 Qe5 17. f4 Nxf4 18. Nxf4 Qxg5 19. Re1 Ne5 20. Bxf7+ Rxf7
21. Rf1 Nxd3 22. g3 Nxf4 23. gxf4 Qc5+ 24. Kh1 Re7 0-1

[Event "Challenge"]
[Site "http://www.queenalice.com/game.php?id=467303"]
[Date "2008.9.23"]
[Round "-"]
[White "emiliano"]
[Black "Popeye"]
[Result "1-0"]
[WhiteElo "1705"]
[BlackElo "1412"]

1. e4 e5 2. Nf3 Nc6 3. Bb5 Nd4 4. Nxd4 exd4 5. O-O c6 6. Ba4 Nf6 7. d3 h6 8. Bf4
d5 9. e5 Nd7 10. Nd2 Nc5 11. Bb3 Be7 12. Nf3 Bg4 13. h3 Bxf3 14. Qxf3 Ne6 15.
Rfe1 Bb4 16. Re2 f6 17. exf6 Qxf6 18. Bd2 Bd6 19. Qxf6 gxf6 20. Rxe6+ Kd7 21.
Rxf6 Be7 22. Rxh6 Raf8 23. Rxh8 Rxh8 24. Re1 Bf6 25. c3 Rh5 26. cxd4 Bxd4 27.
Bc3 Bb6 28. Kf1 Bd8 29. a4 Bg5 30. Re2 b6 31. Ba2 a6 32. b4 b5 33. axb5 axb5 34.
Re5 Kd6 35. g4 Rxh3 36. Rxg5 Rxd3 37. Be1 c5 38. bxc5+ Kxc5 39. Rf5 Rd1 40. Ke2
Ra1 41. Bxd5 Ra2+ 42. Bxa2+ 1-0

[Event "QA-ANNIV-03"]
[Site "http://www.queenalice.com/game.php?id=469804"]
[Date "2008.9.28"]
[Round "9"]
[White "mizu"]
[Black "emiliano"]
[Result "0-1"]
[WhiteElo "1701"]
[BlackElo "1688"]

1. e4 e5 2. Nf3 Nc6 3. Bb5 a6 4. Bxc6 dxc6 5. O-O f6 6. a3 Be6 7. b4 c5 8. c3
cxb4 9. axb4 c5 10. Ba3 cxb4 11. Bxb4 Bxb4 12. cxb4 Ne7 13. Nc3 O-O 14. d4 exd4
15. Nxd4 Bf7 16. Nce2 Qd6 17. Rb1 Rfd8 18. f3 Bc4 19. Rf2 Bxe2 0-1

[Event "AUTO-OPEN-1130"]
[Site "http://www.queenalice.com/game.php?id=476344"]
[Date "2008.10.12"]
[Round "2"]
[White "emiliano"]
[Black "Gil"]
[Result "0-1"]
[WhiteElo "1708"]
[BlackElo "2278"]

1. e4 g6 2. d4 Bg7 3. Nf3 d6 4. c3 Nf6 5. Bd3 O-O 6. O-O Bg4 7. Re1 c5 8. h3
Bxf3 9. Qxf3 cxd4 10. cxd4 Nc6 11. Qe3 Nd7 12. d5 Nb4 13. Nc3 Nc5 14. Rd1 Ncxd3
15. Rxd3 Nc2 16. Qe2 Nxa1 17. Bf4 Qa5 18. a3 Nb3 0-1

[Event "AUTO-OPEN-1130"]
[Site "http://www.queenalice.com/game.php?id=476345"]
[Date "2008.10.12"]
[Round "2"]
[White "Gil"]
[Black "emiliano"]
[Result "1-0"]
[WhiteElo "2302"]
[BlackElo "1706"]

1. d4 d5 2. e3 e6 3. c4 Nf6 4. Nf3 c5 5. Nc3 Nc6 6. Be2 dxc4 7. Bxc4 cxd4 8.
Nxd4 Nxd4 9. Qxd4 Qxd4 10. exd4 a6 11. Bf4 Be7 12. d5 exd5 13. Nxd5 Nxd5 14.
Bxd5 O-O 15. O-O Rd8 16. Rad1 Rd7 17. Rfe1 g5 18. Be5 Bb4 19. Re4 Rxd5 20. Rxd5
Be6 21. Rd1 Bf5 22. Rxb4 1-0

[Event "AUTO-OPEN-1130"]
[Site "http://www.queenalice.com/game.php?id=476346"]
[Date "2008.10.12"]
[Round "2"]
[White "emiliano"]
[Black "kasparosaure"]
[Result "0-1"]
[WhiteElo "1704"]
[BlackElo "2032"]

1. e4 Nf6 2. e5 Nd5 3. d4 d6 4. Nf3 g6 5. Bc4 Nb6 6. Bb3 Bg7 7. a4 a5 8. O-O O-O
9. Bg5 Bg4 10. Re1 dxe5 11. dxe5 Qxd1 12. Rxd1 Bxf3 13. gxf3 Bxe5 14. Nc3 e6 15.
Rab1 Nc6 16. Ne2 Nb4 17. c3 N4d5 18. f4 Bg7 19. Rd2 h6 20. Bh4 Nf6 21. Rbd1 Kh7
22. Bg3 Ne4 23. Rc2 Rad8 24. Rcc1 c5 25. Rxd8 Rxd8 26. Rd1 Rxd1+ 27. Bxd1 Nc4
28. b3 Nb2 29. Bc2 Nxc3 30. Nxc3 Bxc3 31. Kg2 c4 32. f3 cxb3 33. Bxb3 Nd3 34.
Kf1 Nc5 35. Bc2 f5 36. Bf2 Nd7 37. Bb3 e5 38. fxe5 Nxe5 39. Ke2 Nc6 40. Bd5 Be5
41. h3 Kg7 42. Bxc6 bxc6 43. Kd3 Kf7 44. Kc4 Bd6 45. Bc5 Ke6 46. Kd4 g5 47. Bxd6
Kxd6 48. Kc4 h5 49. Kd4 g4 50. fxg4 fxg4 51. hxg4 hxg4 0-1

[Event "AUTO-OPEN-1130"]
[Site "http://www.queenalice.com/game.php?id=476347"]
[Date "2008.10.12"]
[Round "2"]
[White "kasparosaure"]
[Black "emiliano"]
[Result "1-0"]
[WhiteElo "2035"]
[BlackElo "1709"]

1. d4 d5 2. Nf3 Nf6 3. Bg5 e6 4. Nbd2 c5 5. c3 cxd4 6. cxd4 Nc6 7. e3 Bb4 8. Bd3
O-O 9. O-O a6 10. Ne5 h6 11. Bxf6 Qxf6 12. f4 Nxe5 13. fxe5 Qe7 14. Rf3 Bd7 15.
Rc1 Rac8 16. Rxc8 Rxc8 17. Nb3 Qe8 18. Rg3 Ba4 19. Qh5 Kh8 20. Rh3 Qg8 21. Qg5
Bxb3 22. Rxh6+ gxh6 23. Qxh6+ 1-0

[Event "AUTO-OPEN-1114"]
[Site "http://www.queenalice.com/game.php?id=477367"]
[Date "2008.10.15"]
[Round "2"]
[White "emiliano"]
[Black "deco1232007"]
[Result "1-0"]
[WhiteElo "1751"]
[BlackElo "1741"]

1. e4 c5 2. Nf3 d6 3. Bb5+ Bd7 4. Bxd7+ Qxd7 5. O-O Nc6 6. c3 e5 7. d3 Nge7 8.
Na3 Ng6 9. Nc4 b5 10. Ne3 Be7 11. a3 O-O 12. b4 Rfc8 13. Nd5 Nd8 14. bxc5 Rxc5
15. d4 Rc4 16. Qb3 Bf8 17. Bd2 a5 18. Nb6 a4 19. Nxd7 axb3 20. Nb6 b2 21. Rab1
Rxa3 22. Nxc4 bxc4 23. Rxb2 Nc6 24. d5 Na5 25. Rbb1 Nb3 26. Be1 Nf4 27. Nd2 Ne2+
28. Kh1 Nxc3 29. Rb2 Nxd2 30. Bxd2 Nxe4 31. Be3 h6 32. Rc2 Nc3 33. g3 1-0

[Event "AUTO-OPEN-1114"]
[Site "http://www.queenalice.com/game.php?id=477368"]
[Date "2008.10.15"]
[Round "2"]
[White "deco1232007"]
[Black "emiliano"]
[Result "0-1"]
[WhiteElo "1775"]
[BlackElo "1701"]

1. d4 d5 2. g3 Nc6 3. c4 e6 4. Nf3 dxc4 5. Bg2 Nf6 6. Nc3 a6 7. Bg5 Be7 8. O-O
O-O 9. e3 Rb8 10. a3 b5 11. Nd2 Bb7 12. Qe2 h6 13. Bxf6 Bxf6 14. Nde4 Na5 15.
Nc5 Bxg2 16. Kxg2 c6 17. Nxa6 Ra8 18. Nc5 e5 19. Rad1 exd4 20. exd4 Re8 21. Qd2
Qc8 22. Qf4 Rd8 23. Ne2 Nb7 24. Ne4 Qe6 25. Nc5 Nxc5 0-1

[Event "Challenge"]
[Site "http://www.queenalice.com/game.php?id=488047"]
[Date "2008.11.4"]
[Round "-"]
[White "emiliano"]
[Black "Luke1416"]
[Result "1-0"]
[WhiteElo "1720"]
[BlackElo "1598"]

1. e4 e5 2. Nf3 d6 3. d4 Nc6 4. d5 Nce7 5. c4 Bg4 6. Be2 Bxf3 7. Bxf3 h6 8. Nc3
a6 9. b4 Nf6 10. c5 dxc5 11. bxc5 Ng6 12. g3 Bxc5 13. O-O O-O 14. Re1 c6 15.
dxc6 bxc6 16. Bb2 Bb4 17. a3 Bxc3 18. Bxc3 Qxd1 19. Rexd1 a5 20. Rd6 Rfc8 21.
Rc1 a4 22. Bb4 Ra6 23. Be2 Rb6 24. f3 Ne8 25. Rd2 f6 26. Rdc2 Nh8 27. Bd1 Nf7
28. Rc4 Nfd6 29. Bxd6 Nxd6 30. Rxa4 Rb3 31. Bxb3+ Kh8 32. Rb4 f5 33. Be6 Rc7 34.
Bxf5 c5 35. Rb8+ Rc8 36. Rxc8+ Nxc8 37. Bxc8 g6 38. Rxc5 1-0

[Event "Challenge"]
[Site "http://www.queenalice.com/game.php?id=497929"]
[Date "2008.11.24"]
[Round "-"]
[White "aureliano"]
[Black "emiliano"]
[Result "0-1"]
[WhiteElo "1458"]
[BlackElo "1767"]

1. d4 d5 2. c3 Nf6 3. e3 g6 4. Bd3 Bg7 5. Bc2 O-O 6. Nf3 Bg4 7. h3 Bxf3 8. Qxf3
Nbd7 9. Na3 Nb6 10. Nb5 c6 11. Na3 Re8 12. Bd2 e5 13. Qg3 exd4 14. cxd4 Ne4 15.
Bb4 Nxg3 16. fxg3 Rxe3+ 17. Kd2 Qg5 18. Bd6 Rxa3+ 19. Bf4 Qf6 20. bxa3 Qxd4+ 21.
Bd3 Nc4+ 22. Kc2 Qf2+ 23. Bd2 Qxd2+ 24. Kb3 Qxd3+ 25. Kb4 Bxa1 26. Rxa1 Qxa3#
0-1

[Event "Challenge"]
[Site "http://www.queenalice.com/game.php?id=497930"]
[Date "2008.11.24"]
[Round "-"]
[White "emiliano"]
[Black "aureliano"]
[Result "1-0"]
[WhiteElo "1771"]
[BlackElo "1489"]

1. e4 e5 2. Nf3 Bd6 3. d4 f6 4. dxe5 fxe5 5. Bc4 h6 6. O-O Qf6 7. Nc3 c6 8. b3
Ne7 9. Bb2 Bc7 10. Qd2 Qg6 11. Rad1 d6 12. Rfe1 Bh3 13. Nh4 Qg4 14. g3 g5 15.
Ng2 Qf3 16. Bf1 Bb6 17. Qe2 Qf6 18. Ne3 h5 19. Bxh3 g4 20. Bg2 Ng6 21. Nf5 Nd7
22. Nxd6+ Kd8 23. Qd3 Qxf2+ 24. Kh1 h4 25. Nxb7+ Ke8 26. Qxd7+ Kf8 27. Rf1 h3
28. Rxf2+ Bxf2 29. Qf5+ Kg7 30. Qxf2 Raf8 31. Rd7+ Kh6 32. Rf7 a6 33. Nc5 Re8
34. Nd7 Re6 35. Bf1 Rd8 36. Nf6 Nh8 37. Nxg4+ Kg6 38. Qf5# 1-0

[Event "QA-ANNIV-03"]
[Site "http://www.queenalice.com/game.php?id=525014"]
[Date "2009.1.18"]
[Round "10"]
[White "emiliano"]
[Black "SGF"]
[Result "1-0"]
[WhiteElo "1800"]
[BlackElo "1568"]

1. e4 e5 2. Nf3 Qf6 3. Nc3 c6 4. d4 exd4 5. Qxd4 d6 6. Qxf6 gxf6 7. Bc4 h6 8.
O-O b5 9. Bb3 a5 10. a3 Bb7 11. Bf4 a4 12. Ba2 Ba6 13. Rfe1 Nd7 14. Rad1 b4 15.
axb4 Rb8 16. Nxa4 Rxb4 17. Bb3 Nc5 18. Bxd6 Bxd6 19. Rxd6 Nxa4 20. Bxa4 Rxa4 21.
Rxc6 Ra2 22. b3 Ne7 23. Rxf6 Rxc2 24. Rxa6 O-O 25. Rb1 Rfc8 26. h3 h5 27. b4
Rc1+ 28. Rxc1 Rxc1+ 29. Kh2 Rb1 30. Rb6 Nc8 31. Rb8 Kg7 32. Rxc8 Rxb4 33. e5 Re4
34. Rc1 Re2 35. Kg3 Kg6 36. Re1 Rb2 37. Nd4 Rb8 38. e6 fxe6 39. f4 Rb4 40. Nxe6
Kf5 41. Kh4 Rb6 42. Kxh5 Rxe6 43. Rxe6 Kxe6 44. g4 Kf6 45. f5 Kf7 46. g5 Kg7 47.
f6+ Kf7 48. Kh6 Kg8 49. g6 Kf8 50. Kh7 Ke8 51. Kg7 Kd7 52. f7 Ke7 53. f8=Q+ Ke6
54. h4 Kd7 55. Kf6 Kc7 56. g7 Kd7 57. g8=Q Kc7 58. Qe6 Kb7 59. Qfe7+ Kb8 60.
Qg8# 1-0

[Event "AUTO-OPEN-1114"]
[Site "http://www.queenalice.com/game.php?id=525696"]
[Date "2009.1.19"]
[Round "3"]
[White "emiliano"]
[Black "philipp84lemke"]
[Result "0-1"]
[WhiteElo "1831"]
[BlackElo "2131"]

1. e4 e5 2. Nf3 Nc6 3. Bb5 a6 4. Ba4 Nf6 5. O-O Be7 6. Re1 b5 7. Bb3 O-O 8. c3
d5 9. exd5 Nxd5 10. Nxe5 Nxe5 11. Rxe5 c6 12. Bxd5 cxd5 13. d4 Bd6 14. Re1 Qh4
15. g3 Qh3 16. Qf3 Bf5 17. Nd2 Rae8 18. Rxe8 Rxe8 19. Qg2 Re1+ 20. Nf1 Qh5 21.
Qxd5 Bh3 22. Qa8+ Bf8 0-1

[Event "AUTO-OPEN-1114"]
[Site "http://www.queenalice.com/game.php?id=525697"]
[Date "2009.1.19"]
[Round "3"]
[White "Papageno"]
[Black "emiliano"]
[Result "0-1"]
[WhiteElo "1995"]
[BlackElo "1807"]

1. Nf3 d5 2. c4 dxc4 3. b3 cxb3 4. Qxb3 Nf6 5. Bb2 Nc6 6. Nc3 e6 7. e3 g6 8. Bb5
Bd7 9. Nd4 Nxd4 10. exd4 Bxb5 11. Qxb5+ Nd7 12. d5 Bg7 13. Ne4 Bxb2 14. Qxb2 O-O
15. dxe6 Qe8 16. exf7+ Rxf7 17. Qxb7 Nc5 18. Qd5 Qxe4+ 19. Qxe4 Nxe4 20. f3 Nd6
21. O-O Rb8 0-1

[Event "AUTO-OPEN-1114"]
[Site "http://www.queenalice.com/game.php?id=525698"]
[Date "2009.1.19"]
[Round "3"]
[White "emiliano"]
[Black "Papageno"]
[Result "1-0"]
[WhiteElo "1774"]
[BlackElo "2021"]

1. e4 e5 2. Nf3 Nc6 3. Bb5 d6 4. d4 exd4 5. Qxd4 Bd7 6. Bxc6 Bxc6 7. O-O Nf6 8.
c4 Qe7 9. Nc3 g6 10. Re1 O-O-O 11. Bg5 Bg7 12. Rad1 Kb8 13. Nd5 Bxd5 14. exd5
Qd7 15. Bxf6 Bxf6 16. Qxf6 1-0

[Event "Challenge"]
[Site "http://www.queenalice.com/game.php?id=545377"]
[Date "2009.2.23"]
[Round "-"]
[White "b_d75"]
[Black "emiliano"]
[Result "0-1"]
[WhiteElo "1238"]
[BlackElo "1846"]

1. e4 e5 2. Nf3 Nc6 3. Nc3 Nf6 4. d3 Bb4 5. Bd2 O-O 6. Be2 Nd4 7. Nxe5 d6 8. Nf3
Nxe2 9. Qxe2 Bg4 10. O-O Re8 11. h3 Bh5 12. Rfe1 d5 0-1

[Event "Challenge"]
[Site "http://www.queenalice.com/game.php?id=546592"]
[Date "2009.2.26"]
[Round "-"]
[White "ORNELAS"]
[Black "emiliano"]
[Result "0-1"]
[WhiteElo "1544"]
[BlackElo "1842"]

1. d4 d5 2. e3 Nf6 3. c4 e6 4. c5 Be7 5. b4 O-O 6. Nf3 b6 7. Ne5 Bb7 8. a3 Nc6
9. Nf3 Re8 10. Qd3 Bf8 11. Bb2 h6 12. Bc3 Nd7 13. Nbd2 e5 14. dxe5 Ncxe5 0-1